000 00823nam a2200229Ia 4500
003 OSt
005 20251024154503.0
008 220923b |||||||| |||| 00| 0 eng d
020 _a9788125040088
037 _cGeneral Book
040 _aRTL
_cRTL
_beng
041 _2eng
_aeng
084 _aY:3(NW).29G, P9
_qRTL
100 _aJacob, Preminda.
_9306609
245 0 _aCelluloid deities: the visual culture of cinema and politics in South India.
_b
260 _a New Delhi
_bOrient Blackswan
_c2009
300 _axi,305 p.
_ccm.
_bIncludes bibliographical references and index.
500 _aGlossary: p 385-404; Bibliography: p 405; Note: With CD
650 _aSociology
_9849522
942 _hY:3(NW).29G, P9
_cGB
_2CC
_n0
999 _c606299
_d606299